The team working experiment ; One firm's attempt at teamworking [video recording]

Bibliographic Details
Format: Book

MARC

LEADER 00000cam a2200000 7i4500
001 0000014156
005 20040114.0
040 |a INS 
090 0 0 |a 0996 
245 1 0 |a The team working experiment ; One firm's attempt at teamworking [video recording] 
999 |a 0996   |b VIDEO   |c Open Shelf   |e Default branch